• 首页
  • 本馆介绍
  • 公告通知
  • 最新文献
  • 馆藏检索
  • 电子资源
  • 读者导购
  • 参考咨询
  • 我的图书馆
  • 登录
  • 详细信息显示
  • 放入我的书架
  • 预约/预借图书
  • 作者相关作品
  • 分类相关作品
  • 丛书相关作品
  • 出版社相关作品

书目信息

  • 表格格式
  • 工作单格式
  • 卡片格式
题名:
小学音乐教学案例及评析
    
 
作者: 曹理 编著
分册:  
出版信息: 上海   上海音乐出版社  1999
页数: 182页
开本: 20cm
丛书名:
单 册:
中图分类: G623.712
科图分类:
主题词: 音乐-教案(教育)--小学 , 教案(教育)-音乐--小学
电子资源:
ISBN: 7-80553-735-6
000 00665nam0 2200229 45
001 0199055719
005 20031219104121.6
010    @a7-80553-735-6@dCNY9.80
100    @a19990908d1999 emky0chiy0121 ea
101 0  @achi
102    @aCN@b310000
105    @af z 000yy
106    @ar
200 1  @a小学音乐教学案例及评析@Axiao xue yin yue jiao xue an li ji ping xi@f曹理等编著
210    @a上海@c上海音乐出版社@d1999
215    @a182页@c插图@d20cm
606    @a音乐-教案(教育)@x小学
606    @a教案(教育)-音乐@x小学
690    @aG623.712@v3
701  0 @a曹理@Acao li@4编著
801    @aCN@bTSTC@c20031115
905    @b328326-335@dG623.712@e123@f10@a213230
    
    小学音乐教学案例及评析/曹理等编著.-上海:上海音乐出版社,1999
    182页:插图;20cm
    
    
    ISBN 7-80553-735-6:CNY9.80
    
●
相关链接 在E读中查询图书 在五车中查询图书 在当当中查询图书 在豆瓣中查询图书


正题名:小学音乐教学案例及评析     索取号:G623.712/123         预约/预借

序号 登录号 条形码 馆藏地/架位号 状态 备注
1 0328326   203283268   密集书库/ [索取号:G623.712/123] 在馆    
2 0328327   203283277   密集书库/ [索取号:G623.712/123] 在馆    
3 0328328   203283286   第四借阅区/ [索取号:G623.712/123] 在馆    
4 0328329   203283295   密集书库/ [索取号:G623.712/123] 在馆    
5 0328330   203283302   密集书库/ [索取号:G623.712/123] 在馆    
6 0328331   203283311   第四借阅区/ [索取号:G623.712/123] 在馆    
7 0328332   203283320   第四借阅区/ [索取号:G623.712/123] 在馆    
8 0328333   203283339   第四借阅区/ [索取号:G623.712/123] 在馆    
9 0328334   203283348   第四借阅区/ [索取号:G623.712/123] 在馆    
10 0328335   203283357   第一样本阅览室/ [索取号:G623.712/123] 在馆    
唐山师范学院图书馆 欢迎您!
大连网信软件有限公司© 版权所有